00961nam a22002177a 4500008004100000040005500041080001600096245001200112260006000124300001400184500016600198650001200364653001000376653001400386700002300400700001700423942001300440999001500453952017300468952010200641230530b |||||||| |||| 00| 0 eng d aNational Science LibrarycNational Science Library a631bK3.1-2 aFarming aLondon: bThe Caxton Publishing Company Limited, c1963 axv, 640p. aVol. 1 (Plans soils crops grass): xxiv; 543p. Vol. 2 (Livestock): xv; 640p. Vol. 3 (Buildings roads machinery): xv; 584p. Vol. 4 (Management): xv; 501p.  aFarming aSoils aLivestock aDuckham, A N (Ed.) aFox, S (Ed.) 2udccREF c1373d1373 00102udc406631_K312708REF91451aNSLbNSLcGF/ Rk-16/C-3/R-4d1966-08-29hVol. 2 (Livestock): xv; 640p.l0o631 K3.1-2p18634r2023-05-30 00:00:00w2023-02-15yREF 00102udc4070954793aNSLbNSLcNSL-NIScPRd2023-05-29l0r2023-05-29 00:00:00w2023-05-29yREF